Descubriendo el mundo : la vuelta al mundo de Magallanes /

Guardado en:
Bibliografiske detaljer
Hovedforfatter: Phillips, Jeremy (prod.)
Andre forfattere: Bould, Chris (realización) (realización), Laking, Anne (producción ejecutiva) (producción ejecutiva), Rose, Paul (presentación) (presentación), Dashwood, Robin (realización) (realización)
Format: Slide
Sprog:spansk
Fag:
Tags: Tilføj Tag
Ingen Tags, Vær først til at tagge denne postø!

MARC

LEADER 00000ngm^a2200000^a^4500
001 000312046
005 20250521000000.0
009 20260310113104.15
037 |a Acervo ITESO - Biblioteca 
041 |a ESP 
082 |a 910. 45  |b PHI V. 1 
100 |a Phillips, Jeremy  |e (prod.) 
245 1 0 |a Descubriendo el mundo :  |b la vuelta al mundo de Magallanes /  |c Prod. de la serie J. Phillips ; realización de C. Bould. 
264 |a México :  |b En Pantalla Producciones Internacionales [distribución],  |c copyright fecha no identificada 
300 |a 1 DVD multirregión  |c (sin dato de duración) 
336 |a imagen móvil bidimensional  |b tdi  |2 rdacontenido 
337 |a video  |b v  |2 rdamedio 
338 |a videodisco  |b vd  |2 rdasoporte 
500 |a Traducción de: Voyages of Discovery: Circumnavigation 
500 |a Traducción de: Voyages of Discovery: The Making of Captain Cook 
546 |a Doblaje al español 
649 |a XX 
650 |a Documentales 
650 |a Series Históricas 
650 |a Series de Televisión 
650 |a Televisión -  |z Inglaterra -  |y 2000-2009 
650 |a Televisión -  |z Inglaterra -  |y Siglo XXI 
650 |a Exploradores y Viajeros Portugueses 
650 |a Exploradores y Viajeros Ingleses 
650 |a Viajes Marítimos 
650 |a Viajes y Travesías 
650 |a Circunnavegar 
650 |a Descubrimientos Geográficos -  |z Australia 
650 |a Australia -  |x Historia -  |y Siglo XVIII 
650 |a Inglaterra -  |x Historia -  |y Jorge III, 1760-1820 
650 |a Inglaterra -  |x Historia -  |y Siglo XVIII 
650 |a España -  |x Historia -  |y Carlos I, 1516-1556 
650 |a España -  |x Historia -  |y Siglo XVI 
650 |a Magallanes, Fernando de -  |x Tema Principal 
650 |a Cook, James -  |x Tema Principal 
740 0 |a Descubriendo el mundo :  |b la aventura del capitán Cook /  |c Prod. de la serie J. Phillips ; realización de R. Dashwood. 
700 |a Bould, Chris  |e (realización) 
700 |a Laking, Anne  |e (producción ejecutiva) 
700 |a Rose, Paul  |e (presentación) 
700 |a Dashwood, Robin  |e (realización) 
910 |a Fondo General 
920 |a Audiovisuales - DVDs 
940 |a Películas 
905 |a 302 
901 |a 0500204102  |b IT2  |c DVS  |i C123102  |u 20250521 
902 |a https://opac.biblio.iteso.mx/vufind/Record/000312046